Mozart : člověk a génius /

Main Author: Weiss, David, 1909-2002
Other Authors: Jindrová, Alena, 1929-2016
Language: Czech
Published: Praha : BB/art, 2006
Edition: 1. brož. vyd. v českém jazyce
Subjects:
Online Access: Digitalizovaný dokument
Physical Description: 589 s. ; 20 cm
Book
Saved in:
LEADER 01966nam a2200541 a 4500
001 nkc20061648903
003 CZ PrNK
005 20070314180025.0
007 ta
008 060418s2006 xr g 000 fbcze
015 |a cnb001648903 
020 |a 80-7341-790-1  |q (brož.) 
035 |a (OCoLC)85527682 
040 |a ABA001  |b cze 
041 1 |a cze  |h eng 
043 |a e-au--- 
045 |a v5v9 
072 7 |a 821.111(73)-3  |x Americká próza  |2 Konspekt  |9 25 
072 7 |a 929  |x Biografie  |2 Konspekt  |9 8 
080 |a 821.111(73)-31  |2 MRF 
080 |a 929  |2 MRF 
080 |a 78.071.1  |2 MRF 
080 |a (436)  |2 MRF 
080 |a (0:82-312.6)  |2 MRF 
100 1 |a Weiss, David,  |d 1909-2002  |7 xx0027572  |4 aut 
245 1 0 |a Mozart :  |b člověk a génius /  |c David Weiss ; přeložila Alena Jindrová-Špilarová 
246 3 0 |a Mozart - člověk a génius 
250 |a 1. brož. vyd. v českém jazyce 
260 |a Praha :  |b BB/art,  |c 2006 
300 |a 589 s. ;  |c 20 cm 
500 |a Přeloženo z angličtiny 
500 |a Dostupné též v digitální podobě v aplikaci Kramerius 
600 1 7 |a Mozart, Wolfgang Amadeus,  |d 1756-1791  |7 jn19990005867  |2 czenas 
648 7 |a 18. století  |7 ch460556  |2 czenas 
650 0 7 |a hudební skladatelé  |7 ph120923  |z Rakousko  |y 18. století  |2 czenas 
650 0 9 |a composers  |z Austria  |y 18th century  |2 eczenas 
655 7 |a americké romány  |7 fd131796  |2 czenas 
655 7 |a biografické romány  |7 fd131905  |2 czenas 
655 9 |a American fiction  |2 eczenas 
655 9 |a biographical novels  |2 eczenas 
700 1 |a Jindrová, Alena,  |d 1929-2016  |7 jk01051752  |4 trl 
765 0 |t Sacred and profane  |9 Česky 
856 4 1 |u http://www.digitalniknihovna.cz/mzk/uuid/uuid:28c2e660-291f-11ed-af34-5ef3fc9bb22f  |y Digitalizovaný dokument  |x NDK 
910 2 |a BOA001  |b 2-1164.491 
990 |a BK 
995 |a 01 
991 |b 200605 
996 6 |b 2610279331  |c 2-1164.491  |l MZK  |r Sklad / do 1 hodiny  |n 1  |p p.v.  |w 000816454  |u 000010  |a 1  |e BOA001  |j MZK50  |s P